| 000 | 00663nam a2200241Ia 4500 | ||
|---|---|---|---|
| 999 |
_c1597 _d1597 |
||
| 007 | ta | ||
| 008 | 190805s2004 xxka|||g||||||||1 ||und|| | ||
| 020 |
_a9780851747163 _c£ 50.73 |
||
| 040 |
_aKO _beng |
||
| 041 | 0 | _aeng | |
| 044 | _axxk | ||
| 082 | 0 | 4 |
_a623.88 _bC644 _223 |
| 100 | 1 | _aNicholls, A. E. | |
| 245 | 1 | 0 |
_aNicholls's Seamanship and Nautical Knowledge / _crevised by A. N. Cockcroft |
| 250 | _a28th ed. | ||
| 260 |
_aGlasgow : _bBrown, Son & Ferguson Ltd, _c2004. |
||
| 300 |
_a383 p. : _bill. ; _c21 cm |
||
| 650 | 0 |
_aSeamanship _vHandbooks, manuals, etc. |
|
| 700 |
_aCockcroft, A. N. _eedt |
||
| 904 | _aA_BOSE | ||
| 942 | _cBK | ||